Normal view MARC view
  • Yadav Y.S

Entry Personal Name

Number of records used in: 1

001 - CONTROL NUMBER

  • control field: 211703

003 - CONTROL NUMBER IDENTIFIER

  • control field: OSt

005 - DATE AND TIME OF LATEST TRANSACTION

  • control field: 20250324103707.0

008 - FIXED-LENGTH DATA ELEMENTS

  • fixed length control field: 250324|| aca||aabn | a|a d

040 ## - CATALOGING SOURCE

  • Original cataloging agency: OSt
  • Transcribing agency: OSt

100 ## - HEADING--PERSONAL NAME

  • Personal name: Yadav Y.S

670 ## - SOURCE DATA FOUND

  • Source citation: Work cat.: (OSt)365707: Yadav Y.S., द हिरो ऑफ टायगर हिल: एका परमवीराचे आत्मकथन, 2024